Statistics for NHL Hockey Teams

Click here to take the quiz!

General Stats

  • This quiz has been taken 116 times
    (82 since last reset)
  • The average score is 28 of 32

Answer Stats

HintAnswer% Correct
BostonBruins
100%
ChicagoBlackhawks
96%
AnaheimDucks
96%
EdmontonOilers
96%
New YorkRangers
94%
DallasStars
94%
MinnesotaWild
94%
Los AngelesKings
91%
Tampa BayLightning
91%
MontrealCanadiens
89%
New JerseyDevils
89%
New YorkIslanders
89%
TorontoMaple Leafs
89%
PittsburghPenguins
89%
ColoradoAvalanche
87%
CalgaryFlames
87%
CarolinaHurricanes
87%
FloridaPanthers
87%
NashvillePredators
87%
DetroitRed Wings
87%
BuffaloSabres
87%
San JoseSharks
87%
ColombusBlue Jackets
85%
ArizonaCoyotes
85%
St LouisBlues
83%
WinnipegJets
83%
SeattleKraken
83%
VancouverCanucks
81%
WashingtonCapitals
81%
VegasGolden Knights
81%
OttawaSenators
81%
PhiladelphiaFlyers
79%

Score Distribution

Percentile by Number Answered

Percent of People with Each Score

Your Score History

You have not taken this quiz since the last reset